Procesos de transferencia de calor
Guardat en:
| Autor principal: | |
|---|---|
| Format: | Llibre |
| Idioma: | espanyol |
| Publicat: |
Ciudad de México
CECSA
1965
|
| Matèries: | |
| Etiquetes: |
Afegir etiqueta
Sense etiquetes, Sigues el primer a etiquetar aquest registre!
|
MARC
| LEADER | 00000nam a2200000 a 4500 | ||
|---|---|---|---|
| 001 | UCV3639 | ||
| 003 | CL-VaPUC | ||
| 005 | 20230607163637.0 | ||
| 008 | 890705e19650000MX |||||||||||||||||spa|d | ||
| 999 | |c 210787 |d 210785 | ||
| 020 | |a 9688808059 | ||
| 040 | |c Pontificia Universidad Católica de Valparaíso | ||
| 082 | 0 | 4 | |a 660.284 |b KER |2 21 |
| 100 | |a Kern, Donald Quentin |e author |9 297909 | ||
| 245 | 1 | 0 | |a Procesos de transferencia de calor |
| 260 | |a Ciudad de México |b CECSA |c 1965 | ||
| 300 | |a 980 p | ||
| 583 | |a last modification |c 20171031 14:12:36 |k Rodrigo Vera | ||
| 600 | 0 | |9 297909 |a Kern, Donald Quentin |e author | |
| 650 | 0 | |a Calor |9 260253 |x Transmisión | |
| 650 | 0 | |a Intercambiadores de calor |9 475439 | |
| 942 | |c BK |2 ddc | ||
| 945 | |d 19890705 00:00:00 | ||
| 952 | |0 0 |1 0 |4 0 |6 660_284000000000000_KER_1965 |7 0 |8 A |9 187493 |a BIBALI |b BIBALI |c RES |d 2019-11-14 |i 1963023 |l 1 |o 660.284 KER 1965 |p 1963023 |r 2025-01-20 |s 2024-04-19 |w 2019-11-14 |y BK_R |k ALI | ||
| 952 | |0 0 |1 0 |4 0 |6 660_284000000000000_KER_1965 |7 0 |8 A |9 187494 |a BIBALI |b BIBALI |c RES |d 2019-11-14 |i 1963880 |o 660.284 KER 1965 |p 1963880 |r 2025-01-20 |w 2019-11-14 |y BK_R |k ALI | ||
| 952 | |0 0 |1 0 |2 ddc |4 0 |6 660_284000000000000_KER_1965 |7 0 |8 A |9 187503 |a BIBING |b BIBING |c RES |d 2019-11-14 |i 3853861 |l 7 |m 1 |o 660.284 KER 1965 |p 3853861 |q 2025-05-12 |r 2025-04-29 |s 2025-04-29 |w 2019-11-14 |y BK |k EIQ | ||
| 952 | |0 0 |1 0 |2 ddc |4 0 |6 660_284000000000000_KER_1965 |7 0 |8 A |9 187504 |a BIBING |b BIBING |c RES |d 2019-11-14 |i 3955575 |l 4 |o 660.284 KER 1965 |p 3955575 |r 2025-05-09 |s 2025-05-02 |w 2019-11-14 |y BK |k EIQ | ||
| 952 | |0 0 |1 0 |2 ddc |4 0 |6 660_284000000000000_KER_1965 |7 0 |8 A |9 187505 |a BIBING |b BIBING |c RES |d 2019-11-14 |i 3955583 |l 3 |m 1 |o 660.284 KER 1965 |p 3955583 |r 2025-01-20 |s 2024-12-09 |w 2019-11-14 |y BK |k EIQ | ||
| 952 | |0 0 |1 0 |2 ddc |4 0 |6 660_284000000000000_KER_1965 |7 0 |8 A |9 187507 |a BIBING |b BIBING |c RES |d 2019-11-14 |i 3955605 |l 12 |o 660.284 KER 1965 |p 3955605 |r 2025-05-02 |s 2025-04-22 |w 2019-11-14 |y BK |k EIQ | ||
| 952 | |0 0 |1 0 |2 ddc |4 0 |6 660_284000000000000_KER_1965 |7 0 |8 A |9 187508 |a BIBING |b BIBING |c RES |d 2019-11-14 |i 3955613 |l 2 |o 660.284 KER 1965 |p 3955613 |r 2025-01-20 |s 2024-10-30 |w 2019-11-14 |y BK |k EIQ | ||
| 952 | |0 0 |1 0 |2 ddc |4 0 |6 660_284000000000000_KER_1965 |7 0 |8 A |9 187510 |a BIBING |b BIBING |c RES |d 2019-11-14 |i 3971554 |l 5 |o 660.284 KER 1965 |p 3971554 |r 2025-05-06 |s 2025-05-02 |w 2019-11-14 |y BK |k EIQ | ||
| 952 | |0 0 |1 0 |2 ddc |4 0 |6 660_284000000000000_KER_1965 |7 0 |8 A |9 187511 |a BIBING |b BIBING |c RES |d 2019-11-14 |i 3971570 |l 4 |o 660.284 KER 1965 |p 3971570 |r 2025-05-08 |s 2025-05-02 |w 2019-11-14 |y BK |k EIQ | ||
| 952 | |0 0 |1 0 |2 ddc |4 0 |6 660_284000000000000_KER_1965 |7 0 |8 A |9 187512 |a BIBING |b BIBING |c RES |d 2019-11-14 |i 3971589 |l 5 |m 1 |o 660.284 KER 1965 |p 3971589 |r 2025-01-20 |s 2024-11-28 |w 2019-11-14 |y BK |k EIQ | ||
| 952 | |0 0 |1 0 |2 ddc |4 0 |6 660_284000000000000_KER_1965 |7 0 |8 A |9 187513 |a BIBING |b BIBING |c RES |d 2019-11-14 |i 3971597 |l 6 |o 660.284 KER 1965 |p 3971597 |r 2025-05-05 |s 2025-04-30 |w 2019-11-14 |y BK |k EIQ | ||
| 952 | |0 0 |1 2 |4 0 |6 660_284000000000000_KER_1965 |7 0 |8 R |9 187515 |a BIBING |b BIBING |d 2019-11-14 |i 3971619 |o 660.284 KER 1965 |p 3971619 |r 2019-11-14 |w 2019-11-14 |y BK_R |k EIQ | ||
| 952 | |0 0 |1 0 |2 ddc |4 0 |6 660_284000000000000_KER_1965 |7 0 |8 A |9 187516 |a BIBING |b BIBING |c RES |d 2019-11-14 |i 3971627 |l 4 |o 660.284 KER 1965 |p 3971627 |r 2025-05-02 |s 2025-05-02 |w 2019-11-14 |y BK |k EIQ | ||
| 952 | |0 0 |1 0 |2 ddc |4 0 |6 660_284000000000000_KER_1965 |7 0 |8 A |9 187517 |a BIBING |b BIBING |c RES |d 2019-11-14 |i 3971635 |l 3 |o 660.284 KER 1965 |p 3971635 |r 2025-01-20 |s 2024-12-10 |w 2019-11-14 |y BK |k EIQ | ||
| 952 | |0 0 |1 0 |4 0 |6 660_284000000000000_KER_1965 |7 0 |8 A |9 187519 |a BIBALI |b BIBALI |c RES |d 2019-11-14 |i 3971228 |o 660.284 KER 1965 |p 3971228 |r 2025-01-20 |w 2019-11-14 |y BK_R |k ALI | ||
| 952 | |0 0 |1 0 |4 0 |6 660_284000000000000_KER_1965 |7 0 |8 A |9 187522 |a BIBMEC |b BIBMEC |d 2019-11-14 |i 4507320 |o 660.284 KER 1965 |p 4507320 |r 2019-11-14 |w 2019-11-14 |y BK |k MEC | ||